00367 a2200097 4500001001000000005001700010008004100027245008500068100002500153773009100178ART_4963420260410162001.0260409a 10aUna nota breve (muy breve) sobre el comercio internacional y los tipos de cambio1 aJacobo, Alejandro D.0 tBoletín de lecturas sociales y económicasg- Año 7, Nº 34 (nov. 2000)wREV28746